|
|
|
|
| LEADER |
01025nam a2200241 u 4500 |
| 001 |
10001381 |
| 003 |
GR-PaULI |
| 005 |
20210117203307.0 |
| 008 |
881025s1989 uk eng |
| 952 |
|
|
|0 0
|1 0
|2 ddc
|4 0
|6 Π_371_330000000000000_3_INT
|7 0
|9 111048
|a LISP
|b LISP
|c REF
|d 2016-04-24
|i 10086
|l 0
|o Π 371.330 3 INT
|p 025000083132
|r 2016-04-24 00:00:00
|t 1
|v 2016.00
|w 2016-04-24
|y BKN
|
| 999 |
|
|
|c 74330
|d 74330
|
| 020 |
|
|
|a 0080334091
|
| 040 |
|
|
|a GR-PaULI
|c GR-PaULI
|b gre
|e AACR2
|
| 082 |
0 |
4 |
|a 371.330 3
|2 23
|
| 245 |
0 |
0 |
|a The international encyclopedia of educational technology /
|c Michael Eraut (editor).
|
| 260 |
|
|
|a Oxford :
|b Pergamon Press,
|c 1989.
|
| 300 |
|
|
|a xxii, 654 σ. :
|b εικ. ;
|c 26 εκ.
|
| 490 |
1 |
|
|a Advances in education
|
| 650 |
|
4 |
|a Εκπαιδευτική τεχνολογία
|x Εγκυκλοπαίδειες και λεξικά.
|9 178720
|
| 700 |
1 |
|
|a Eraut, Michael
|9 26999
|e επιμελητής.
|
| 830 |
|
0 |
|9 178719
|a Advances in education (Pergamon Press)
|
| 942 |
|
|
|2 ddc
|c BKN
|
| 998 |
|
|
|c ΜΠΟΥΡΑΣ
|d 2019-11
|